| 000 | 00000nam##2200000za#4500 |
| 001 | 9.638564 |
| 003 | CaOODSP |
| 005 | 20250319165110 |
| 007 | cr ||||||||||| |
| 008 | 150407|1999||||xxc|||||o f|0| 0 fre|d |
| 040 | |aCaOODSP|bfre |
| 043 | |an-cn--- |
| 086 | 1 |aH39-429/1999-1F-PDF |
| 110 | 1 |aCanada.|bSanté Canada. |bDirection générale de la promotion et des programmes de la santé. |
| 245 | 10|aGuide d'activité physique canadien pour une vie active saine pour les aînés |h[ressource électronique] |
| 260 | |aOttawa - Ontario : |bSanté Canada. |c1999. |
| 300 | |a4p.|bill. en couleur |
| 500 | |aLe n° de catalogue (H39-429/1999-1F) et l’ISBN (0-662-83668-5) de l'édition imprimée bilingue ont été incorrectement copiés dans cette édition électronique. |
| 520 | 3 |aL'information contenue dans cette publication à propos des lignes directrices en matière d'activité physique, n'est plus à jour. La Société canadienne de physiologie de l’exercice a diffusé le 24 janvier 2011 des nouvelles lignes directrices. Pour en savoir davantage sur les nouvelles lignes directices en matière d'activité physique et pour des conseils pour vous aider à intégrer l'activité physique dans un mode de vie sain, consultez le site Web de l'Agence de la santé publique du Canada (ASPC). |
| 590 | |a11-05-Supp|b2011-03-15 |
| 691 | 07|aAîné|2gcpds |
| 691 | 07|aCondition physique|2gcpds |
| 775 | 08|tCanada's physical activity guide to healthy living for older adults |w(CaOODSP)9.694386 |
| 776 | 0#|tGuide d'activité physique canadien pour une vie active saine pour les aînés |w(CaOODSP)9.680745 |
| 856 | 40|ahttp://publications.gc.ca|qPDF|s276 Ko|uhttps://publications.gc.ca/collections/Collection/H39-429-1999-1F.pdf |